| 000 | 01046nam a22003257a 4500 | ||
|---|---|---|---|
| 003 | CHAP | ||
| 005 | 20220329134728.0 | ||
| 008 | 971013s1985 r 00010 d | ||
| 010 | _a24924 | ||
| 011 | _a25896 | ||
| 035 | _a29996 | ||
| 040 | _cCHAP | ||
| 082 |
_a910 _bB7Y |
||
| 100 | 0 | 0 |
_aBrown, Eric H. _915641 |
| 245 | _aGeografía pasado y futuro | ||
| 260 |
_aMéxico, D. F. : _bFondo de Cultura Económica, _c1985 |
||
| 300 |
_a424 p. _b: gráfs. |
||
| 490 | _aSección de obras de ciencia y tecnología | ||
| 590 |
_aBATCH-UPD _b10 _c20130110 _lUCH01 _h0329 |
||
| 590 |
_aBATCH-UPD _b10 _c20130110 _lUCH01 _h1802 |
||
| 590 |
_aBATCH-UPD _b10 _c20130410 _lUCH01 _h0003 |
||
| 590 |
_aBATCH-UPD _b10 _c20130914 _lUCH01 _h0752 |
||
| 590 |
_aCONVERSION _b10 _c20130109 _lUCH01 _h1314 |
||
| 650 | 1 | 4 |
_aGeografía. _947540 |
| 650 | 1 | 4 |
_aGeografía _xHistoria. _947553 |
| 830 | 0 |
_aSección de obras de ciencia y tecnología _9103501 |
|
| 901 | _aBK | ||
| 942 | _cLIBRO | ||
| 949 |
_a910 B7Y _bBC _cLIBRO _d33724000257416 _eLIBRO _gI. c/e _h69601 _i29996 _si |
||
| 999 |
_c24924 _d24924 |
||